Discussion manual for student discipleship; vol. 2. (Record no. 15759)

000 -LEADER
fixed length control field 00738nam a2200205 a 4500
001 - CONTROL NUMBER
control field :::00015952$&:&@@
003 - CONTROL NUMBER IDENTIFIER
control field OkBaRHE
005 - DATE AND TIME OF LATEST TRANSACTION
control field 20000915151921.0
008 - FIXED-LENGTH DATA ELEMENTS--GENERAL INFORMATION
fixed length control field s1978 j 000 0 eng u
040 ## - CATALOGING SOURCE
Transcribing agency
100 1# - MAIN ENTRY--PERSONAL NAME
Personal name McAllister, Dawson and Webster, Dan.
245 10 - TITLE STATEMENT
Title Discussion manual for student discipleship; vol. 2.
260 ## - PUBLICATION, DISTRIBUTION, ETC. (IMPRINT)
Place of publication, distribution, etc Dallas, TX., :
Name of publisher, distributor, etc Roper Press, Inc.
Date of publication, distribution, etc c1978
300 ## - PHYSICAL DESCRIPTION
Extent v. (1-2) : illus. ;
Dimensions 27 cm.
650 ## - SUBJECT ADDED ENTRY--TOPICAL TERM
Topical term or geographic name as entry element Church Work with Youth
700 ## - ADDED ENTRY--PERSONAL NAME
Personal name Webster, Dan, Joint author.
942 ## - ADDED ENTRY ELEMENTS (KOHA)
Source of classification or shelving scheme
Koha item type Books
Copies
Not for loan Source of classification or shelving scheme Date acquired Date last seen Damaged status Copy number Permanent Location Lost status Withdrawn status Barcode Full call number Koha item type Shelving location Price effective from
  2010-04-142010-04-14 1RHEMA Bible Training College  15952BV 4447 .M3BooksGeneral Stacks2010-04-14
  2010-04-142010-04-14 2RHEMA Bible Training College  15953BV 4447 .M3BooksGeneral Stacks2010-04-14